[Event "ODJM A 2017"]
[Site "Willingen GER"]
[Date "2017.06.06"]
[Round "4"]
[White "Bilecen, Simon"]
[Black "Buhr, Patrick"]
[Result "0-1"]
[Termination "normal"]
[Board "57"]
[WhiteElo "1557"]
[BlackElo "1780"]
[PlyCount "48"]
[WhiteFideId "16225511"]
[BlackFideId "16206436"]
[EventCountry "GER"]
[EventRounds "9"]
[EventType "swiss"]
[EventDate "2017.06.03"]

1. d4 d5 2. Nf3 Nf6 3. Bf4 Bf5 4. e3 e6 5. Be2 Be7 6. Nbd2 O-O 7. Nh4 Bg6 8.
Nxg6 hxg6 9. h3 c5 10. O-O cxd4 11. exd4 Nc6 12. c3 Rc8 13. Re1 a6 14. Bd3 Re8
15. Qc2 Nxd4 16. Qa4 Nc6 17. Nf3 Qd7 18. Re2 Ne5 19. Qxd7 Nxf3+ 20. gxf3 Nxd7
21. Rae1 b5 22. Bxg6 fxg6 23. Rxe6 Kf7 24. Bg3 Bc5 0-1

[Event "ODJM A 2017"]
[Site "Willingen GER"]
[Date "2017.06.06"]
[Round "4"]
[White "Grunert, Friedrich"]
[Black "Ostra, Noah"]
[Result "0-1"]
[Termination "normal"]
[Board "58"]
[WhiteElo "1805"]
[BlackElo "1647"]
[PlyCount "82"]
[WhiteFideId "12995592"]
[BlackFideId "16228979"]
[EventCountry "GER"]
[EventRounds "9"]
[EventType "swiss"]
[EventDate "2017.06.03"]

1. e4 c5 2. Nf3 d6 3. c3 Nf6 4. Be2 e6 5. O-O Nc6 6. d3 Be7 7. Re1 O-O 8. Nbd2
Qc7 9. Bf1 d5 10. e5 Nd7 11. d4 cxd4 12. cxd4 Nb4 13. a3 Nc2 14. Bd3 Nxa1 15.
Nf1 Qb6 16. b4 a5 17. Ng5 f5 18. exf6 Nxf6 19. Ng3 g6 20. Be3 axb4 21. Qb1 Kg7
22. Nxh7 Kxh7 23. Bxg6+ Kg7 24. Nh5+ Nxh5 25. Bxh5 Rf6 26. g4 Bd7 27. Rd1 Ba4
28. Rd2 Bc2 29. Qxa1 Rxa3 30. Qb2 Be4 31. Bg5 Qa5 32. Rd1 Ra2 33. Bxf6+ Bxf6
34. Qc1 Bh4 35. Rf1 Qd8 36. f3 Bg5 37. Qc5 Be3+ 38. Kh1 Qh4 39. Qc7+ Kh6 40.
fxe4 Rf2 41. Rd1 Bf4 0-1

[Event "ODJM A 2017"]
[Site "Willingen GER"]
[Date "2017.06.06"]
[Round "4"]
[White "Riegel, Arinna"]
[Black "Kistner, Sinan"]
[Result "1/2-1/2"]
[Termination "normal"]
[Board "59"]
[WhiteElo "1852"]
[BlackElo "1560"]
[PlyCount "44"]
[WhiteFideId "12931446"]
[BlackFideId "16219643"]
[EventCountry "GER"]
[EventRounds "9"]
[EventType "swiss"]
[EventDate "2017.06.03"]

1. b3 b6 2. Bb2 Bb7 3. Nc3 Nc6 4. e4 e5 5. Nf3 Nf6 6. g3 g6 7. Bg2 Bg7 8. O-O
d6 9. d3 O-O 10. Qd2 Qe7 11. a4 Nb4 12. Ba3 a5 13. Na2 c5 14. Nxb4 cxb4 15. Bb2
Rac8 16. c3 bxc3 17. Bxc3 d5 18. exd5 Nxd5 19. Bb2 Nb4 20. Rac1 Rxc1 21. Rxc1
Bxf3 22. Bxf3 Rd8 1/2-1/2

[Event "ODJM A 2017"]
[Site "Willingen GER"]
[Date "2017.06.06"]
[Round "4"]
[White "Reindl, Knut"]
[Black "Ziegenfuß, Larissa"]
[Result "1-0"]
[Termination "normal"]
[Board "60"]
[WhiteElo "1687"]
[BlackElo "1685"]
[PlyCount "59"]
[WhiteFideId "12946753"]
[BlackFideId "12974722"]
[EventCountry "GER"]
[EventRounds "9"]
[EventType "swiss"]
[EventDate "2017.06.03"]

1. c4 c5 2. Nf3 Nc6 3. g3 g6 4. Bg2 Bg7 5. Nc3 d6 6. O-O Nf6 7. d3 O-O 8. a3
Bf5 9. Rb1 Qc8 10. Re1 Nd7 11. Nd5 Be6 12. Ne3 Nde5 13. Nxe5 Nxe5 14. b4 Rb8
15. Bb2 g5 16. Qc1 Ng6 17. Nd5 h6 18. e3 Bh3 19. f4 Bxg2 20. Kxg2 e6 21. Nf6+
Bxf6 22. Bxf6 gxf4 23. exf4 Qd7 24. f5 Qc6+ 25. Re4 Kh7 26. fxg6+ fxg6 27. Bb2
Rf5 28. Qc3 Rf7 29. Rf1 Rbf8 30. Rxf7+ 1-0

[Event "ODJM A 2017"]
[Site "Willingen GER"]
[Date "2017.06.06"]
[Round "4"]
[White "von Freymann, Franz"]
[Black "Troyke, Jannis"]
[Result "0-1"]
[Termination "normal"]
[Board "61"]
[WhiteElo "1643"]
[BlackElo "1896"]
[PlyCount "56"]
[WhiteFideId "12994014"]
[BlackFideId "12993115"]
[EventCountry "GER"]
[EventRounds "9"]
[EventType "swiss"]
[EventDate "2017.06.03"]

1. d4 Nf6 2. c4 c5 3. d5 b5 4. b3 g6 5. Bb2 Bg7 6. e4 d6 7. Nd2 bxc4 8. Nxc4
Ba6 9. f4 Bxc4 10. bxc4 Qa5+ 11. Ke2 O-O 12. Qc2 Nbd7 13. Nf3 Rab8 14. Bc3 Qa3
15. Nd2 Ng4 16. Nb3 e5 17. h3 Nh6 18. g4 f5 19. g5 Nf7 20. exf5 exf4 21. f6
Rbe8+ 22. Kf2 Bh8 23. h4 Nde5 24. Bxe5 Nxe5 25. Bh3 Bxf6 26. gxf6 Rxf6 27. Rhe1
a5 28. Qc1 Nd3+ 0-1

[Event "ODJM A 2017"]
[Site "Willingen GER"]
[Date "2017.06.06"]
[Round "4"]
[White "Wissing, Philipp"]
[Black "May, Ben-Iven"]
[Result "1-0"]
[Termination "normal"]
[Board "62"]
[WhiteElo "1749"]
[BlackElo "1861"]
[PlyCount "69"]
[WhiteFideId "12993654"]
[BlackFideId "16229673"]
[EventCountry "GER"]
[EventRounds "9"]
[EventType "swiss"]
[EventDate "2017.06.03"]

1. g3 e5 2. Bg2 d5 3. d4 e4 4. c4 c6 5. Nc3 Nf6 6. f3 exf3 7. Nxf3 Bg4 8. O-O
Be7 9. Ne5 Be6 10. cxd5 Nxd5 11. e4 Nf6 12. Be3 Nbd7 13. Nxd7 Qxd7 14. d5 cxd5
15. Nxd5 Nxd5 16. exd5 Bh3 17. Bxh3 Qxh3 18. d6 Qe6 19. Qa4+ Kf8 20. dxe7+ Qxe7
21. Qa3 Qxa3 22. bxa3 Re8 23. Bxa7 f6 24. Rfe1 Ra8 25. Bc5+ Kf7 26. Re7+ Kg6
27. Rb1 Rac8 28. Bf2 Rc2 29. Rbxb7 Rg8 30. Ra7 Rxa2 31. a4 Rc8 32. Rxg7+ Kf5
33. Rgc7 Rxa4 34. Rxc8 Rxa7 35. Bxa7 1-0

[Event "ODJM A 2017"]
[Site "Willingen GER"]
[Date "2017.06.06"]
[Round "4"]
[White "Böhlemann, Christian"]
[Black "Leser, Stefan"]
[Result "0-1"]
[Termination "normal"]
[Board "64"]
[WhiteElo "1565"]
[BlackElo "1817"]
[PlyCount "126"]
[BlackFideId "12997706"]
[EventCountry "GER"]
[EventRounds "9"]
[EventType "swiss"]
[EventDate "2017.06.03"]

1. e4 e6 2. d4 d5 3. exd5 exd5 4. Nf3 Nf6 5. c4 Bb4+ 6. Nc3 O-O 7. Bd3 Re8+ 8.
Be3 Nc6 9. O-O h6 10. Qc1 Ne7 11. Ne5 Bxc3 12. bxc3 dxc4 13. Bxc4 Ned5 14. Bxh6
gxh6 15. Qxh6 Be6 16. Rac1 Qe7 17. Qg5+ Kh8 18. Qh6+ Nh7 19. Bd3 Ndf6 20. Rfe1
Qf8 21. Qh4 Qg7 22. f4 Rg8 23. Qf2 Ng4 24. Qc2 Nhf6 25. Nf3 Nh5 26. f5 Bd5 27.
Be4 Bxe4 28. Rxe4 Rae8 29. Rce1 Rxe4 30. Rxe4 Qh6 31. Qe2 Qc1+ 32. Qe1 Qxe1+
33. Rxe1 Nh6 34. Re7 Nf4 35. g3 Nd5 36. Rd7 Nxc3 37. Rxc7 Nxa2 38. Rxb7 Ra8 39.
Ne5 Nc3 40. Kf2 a5 41. Nxf7+ Nxf7 42. Rxf7 a4 43. Rc7 Nb5 44. Rc1 Nxd4 45. Ke3
Nb3 46. Rc2 a3 47. Ra2 Nc1 48. Ra1 a2 49. Rxc1 a1=Q 50. Rxa1 Rxa1 51. Kf4 Kg7
52. Kg5 Ra6 53. h4 Rb6 54. g4 Rh6 55. h5 Ra6 56. Kf4 Kh6 57. g5+ Kxh5 58. g6
Kh6 59. Ke5 Kg7 60. Ke4 Kf6 61. Kf4 Ra4+ 62. Kf3 Kxf5 63. g7 Ra8 0-1

[Event "ODJM A 2017"]
[Site "Willingen GER"]
[Date "2017.06.06"]
[Round "4"]
[White "Hinrichs, Paul"]
[Black "Wastian, Mareike"]
[Result "1-0"]
[Termination "normal"]
[Board "65"]
[WhiteElo "1916"]
[BlackElo "1711"]
[PlyCount "79"]
[WhiteFideId "12942545"]
[BlackFideId "12947423"]
[EventCountry "GER"]
[EventRounds "9"]
[EventType "swiss"]
[EventDate "2017.06.03"]

1. d4 d5 2. c4 e6 3. Nc3 c5 4. cxd5 exd5 5. Nf3 Nc6 6. g3 Nf6 7. Bg2 Be7 8. O-O
O-O 9. Bg5 Be6 10. Rc1 b6 11. Re1 Qd7 12. e4 dxe4 13. Ne5 Nxe5 14. dxe5 Qxd1
15. Rcxd1 Nd5 16. Nxe4 Rad8 17. f4 Bxg5 18. Nxg5 Nb4 19. Nxe6 fxe6 20. Bh3 Kf7
21. Rd6 Rfe8 22. Bxe6+ Ke7 23. Bb3 Rf8 24. Re6+ Kd7 25. Rd6+ Ke7 26. Red1 Rxd6
27. Rxd6 Rd8 28. Rxd8 Kxd8 29. Bg8 h6 30. Kf1 Ke7 31. Ke2 Nc6 32. Kd3 Nd4 33.
Bd5 a5 34. a3 a4 35. g4 Kd7 36. f5 Ke7 37. h3 Kd7 38. f6 gxf6 39. exf6 Ke8 40.
h4 1-0

[Event "ODJM A 2017"]
[Site "Willingen GER"]
[Date "2017.06.06"]
[Round "4"]
[White "Leimbach, Tim Vincent"]
[Black "Roth, Jakob"]
[Result "1/2-1/2"]
[Termination "normal"]
[Board "66"]
[WhiteElo "1640"]
[BlackElo "1847"]
[PlyCount "47"]
[WhiteFideId "12988600"]
[BlackFideId "12952605"]
[EventCountry "GER"]
[EventRounds "9"]
[EventType "swiss"]
[EventDate "2017.06.03"]

1. Nc3 e6 2. e4 d5 3. d4 Nf6 4. e5 Nfd7 5. f4 c5 6. Nf3 Nc6 7. Be3 a6 8. Be2 b5
9. O-O cxd4 10. Nxd4 Nxd4 11. Bxd4 Bc5 12. Bxc5 Nxc5 13. Qe1 Qc7 14. Qg3 b4 15.
Qxg7 Rf8 16. Nd1 Ne4 17. Bd3 Qc5+ 18. Kh1 Bb7 19. Bxe4 dxe4 20. Re1 O-O-O 21.
Ne3 Qd4 22. b3 Bc6 23. Qg4 Rg8 24. Qe2 1/2-1/2

[Event "ODJM A 2017"]
[Site "Willingen GER"]
[Date "2017.06.06"]
[Round "4"]
[White "Bayer, Martin"]
[Black "Stockter, Jasper Enno"]
[Result "1-0"]
[Termination "normal"]
[Board "67"]
[WhiteElo "1751"]
[BlackElo "1559"]
[PlyCount "99"]
[WhiteFideId "16206924"]
[BlackFideId "12957291"]
[EventCountry "GER"]
[EventRounds "9"]
[EventType "swiss"]
[EventDate "2017.06.03"]

1. Nf3 Nf6 2. g3 g6 3. Bg2 Bg7 4. d4 O-O 5. c4 c6 6. Nc3 d5 7. O-O Ne4 8. Qb3
dxc4 9. Qxc4 Be6 10. Qd3 Nd6 11. b3 Nf5 12. Rd1 Na6 13. e4 Nd6 14. Bb2 Nc7 15.
Rac1 Rc8 16. Na4 Ndb5 17. Qc2 Na6 18. Qe2 Qd7 19. Bf1 Bg4 20. d5 Bxf3 21. Qxf3
c5 22. Bxg7 Kxg7 23. Qe2 Nd4 24. Qb2 Kg8 25. Nxc5 Nf3+ 26. Kg2 Nxc5 27. Kxf3
Nxe4 28. Kxe4 Qf5+ 29. Ke3 Qg5+ 30. f4 Qf5 31. Kf2 Rxc1 32. Rxc1 Qxd5 33. Bg2
Qd7 34. Rc4 Rd8 35. Ke2 Qd3+ 36. Kf2 Qd1 37. Rc2 Qd7 38. Qc3 b6 39. Ke2 Qd1+
40. Kf2 Qd6 41. Qe5 Qd1 42. Re2 e6 43. Kf3 Rd5 44. Qb2 h6 45. Qc2 Qd4 46. Re4
Qg1 47. h3 Kh7 48. Rc4 Rd7 49. h4 Qe1 50. Re4 1-0

[Event "ODJM A 2017"]
[Site "Willingen GER"]
[Date "2017.06.06"]
[Round "4"]
[White "Klugstedt, Vincent"]
[Black "Erezhep, Assylzhan"]
[Result "1/2-1/2"]
[Termination "normal"]
[Board "68"]
[WhiteElo "1636"]
[BlackElo "1753"]
[PlyCount "106"]
[WhiteFideId "16216393"]
[BlackFideId "13712144"]
[EventCountry "GER"]
[EventRounds "9"]
[EventType "swiss"]
[EventDate "2017.06.03"]

1. d4 Nf6 2. c4 g6 3. Nc3 Bg7 4. Nf3 O-O 5. Bf4 d5 6. cxd5 Nxd5 7. Nxd5 Qxd5 8.
Bxc7 Nc6 9. e3 Bg4 10. Be2 Rac8 11. Bg3 Nb4 12. O-O a6 13. a3 Nc6 14. Rc1 Rfd8
15. Bc4 Qd7 16. h3 Be6 17. Bxe6 Qxe6 18. Rc3 Qd7 19. Qe2 e6 20. Rfc1 Ne7 21.
Rxc8 Rxc8 22. Qd2 Bh6 23. Ne5 Qd8 24. Rxc8 Qxc8 25. Qb4 Bf8 26. Qb6 Nc6 27.
Nxc6 Qxc6 28. Qxc6 bxc6 29. Kf1 Kg7 30. Ke2 Kf6 31. Kd3 Ke7 32. Bc7 Kd7 33. Bb6
Bd6 34. g3 h6 35. Kc4 Kc8 36. Bc5 Bc7 37. b3 Ba5 38. b4 Bc7 39. a4 Kd7 40. e4
Bd8 41. b5 cxb5+ 42. axb5 axb5+ 43. Kxb5 Bg5 44. g4 h5 45. Kc4 hxg4 46. hxg4
Bf4 47. d5 Be5 48. Bd4 Bf4 49. Be3 Bc7 50. f4 Bd6 51. f5 gxf5 52. gxf5 exf5 53.
exf5 Be5 1/2-1/2

[Event "ODJM A 2017"]
[Site "Willingen GER"]
[Date "2017.06.06"]
[Round "4"]
[White "Niemann, Leon"]
[Black "Meyer, Nico"]
[Result "0-1"]
[Termination "normal"]
[Board "69"]
[WhiteElo "1567"]
[BlackElo "1552"]
[PlyCount "116"]
[WhiteFideId "16218388"]
[BlackFideId "12975257"]
[EventCountry "GER"]
[EventRounds "9"]
[EventType "swiss"]
[EventDate "2017.06.03"]

1. Nf3 c5 2. g3 d6 3. Bg2 Nc6 4. O-O Nf6 5. d3 g6 6. e4 Bg7 7. c3 O-O 8. h3 e5
9. Be3 Be6 10. Nbd2 b6 11. Ng5 Rc8 12. f4 h6 13. Ngf3 Nh5 14. Kh2 f5 15. Ng1
Rc7 16. Qe2 Qc8 17. exf5 exf4 18. fxe6 Nxg3 19. Qg4 Ne5 20. Qd1 Nxf1+ 21. Nxf1
fxe3 22. Nxe3 Kh7 23. Nd5 Rb7 24. e7 Re8 25. Be4 Nc6 26. Qh5 Be5+ 27. Kg2 Qe6
28. Rf1 Nxe7 29. Qf3 Rd7 30. Ne2 Nf5 31. Qg4 Qxd5 32. Rxf5 Qe6 33. Qf3 Kg7 34.
Qg4 Rf7 35. Rxf7+ Qxf7 36. b3 Rf8 37. Bf3 h5 38. Qe4 Qf5 39. Qxf5 Rxf5 40. c4
h4 41. Bg4 Rf8 42. Bf3 g5 43. Bg4 a6 44. Be6 b5 45. Bd5 b4 46. Bc6 Bd4 47. Nxd4
cxd4 48. Be4 Rf4 49. Bf3 Kf6 50. Be2 Ke5 51. Bd1 Kf5 52. Be2 g4 53. hxg4+ Rxg4+
54. Kh3 Rg3+ 55. Kxh4 Rg2 56. Bf3 Rxa2 57. Bc6 Ra3 58. Ba4 Rxa4 0-1

[Event "ODJM A 2017"]
[Site "Willingen GER"]
[Date "2017.06.06"]
[Round "4"]
[White "Lilienthal, Niels Bennett"]
[Black "Pahl, Theis"]
[Result "0-1"]
[Termination "normal"]
[Board "70"]
[WhiteElo "1567"]
[BlackElo "1664"]
[PlyCount "50"]
[WhiteFideId "16205421"]
[BlackFideId "16201264"]
[EventCountry "GER"]
[EventRounds "9"]
[EventType "swiss"]
[EventDate "2017.06.03"]

1. d4 Nf6 2. Nd2 d5 3. Ngf3 c5 4. e3 Qc7 5. c4 cxd4 6. exd4 g6 7. b3 Bg7 8. Be2
O-O 9. Ne5 Nfd7 10. Nxd7 Bxd7 11. Nf3 dxc4 12. Bxc4 Bg4 13. Be3 Nc6 14. Rc1
Qa5+ 15. Bd2 Qh5 16. Be2 Qd5 17. h3 Bf5 18. Rc5 Qe4 19. Be3 Rad8 20. g4 Nxd4
21. Bxd4 Bxd4 22. Rc4 Bc3+ 23. Rxc3 Rxd1+ 24. Kxd1 Qb1+ 25. Kd2 Rd8+ 0-1

[Event "ODJM A 2017"]
[Site "Willingen GER"]
[Date "2017.06.06"]
[Round "4"]
[White "Seinsoth, Paul"]
[Black "Noever, Niklas"]
[Result "0-1"]
[Termination "normal"]
[Board "71"]
[WhiteElo "1455"]
[BlackElo "1628"]
[PlyCount "66"]
[WhiteFideId "12994634"]
[BlackFideId "12988642"]
[EventCountry "GER"]
[EventRounds "9"]
[EventType "swiss"]
[EventDate "2017.06.03"]

1. c4 c5 2. Nc3 g6 3. g3 Bg7 4. Bg2 Nc6 5. Nf3 Nh6 6. O-O O-O 7. e3 Nf5 8. Rb1
Rb8 9. a3 Qa5 10. Ne1 a6 11. Nc2 Qc7 12. Nd5 Qd6 13. b3 e6 14. Nf4 b5 15. cxb5
axb5 16. Bb2 Ba6 17. Re1 Rfc8 18. Bxg7 Kxg7 19. b4 c4 20. Qc1 Ne5 21. Qb2 f6
22. e4 Nd3 23. Nxd3 cxd3 24. exf5 Rxc2 25. Qb3 gxf5 26. Rbd1 e5 27. Re3 e4 28.
f3 Qd4 29. Kf1 Rb2 30. Qc3 Qxc3 31. dxc3 d5 32. Bh3 Rxh2 33. Bxf5 Rh1+ 0-1

[Event "ODJM A 2017"]
[Site "Willingen GER"]
[Date "2017.06.06"]
[Round "4"]
[White "Kögel, Josef"]
[Black "von Pückler, Konstantin"]
[Result "0-1"]
[Termination "normal"]
[Board "72"]
[WhiteElo "1569"]
[BlackElo "1525"]
[PlyCount "80"]
[WhiteFideId "16237641"]
[BlackFideId "16205847"]
[EventCountry "GER"]
[EventRounds "9"]
[EventType "swiss"]
[EventDate "2017.06.03"]

1. e4 c5 2. Nf3 d6 3. d4 cxd4 4. Nxd4 Nf6 5. Nc3 a6 6. h3 e6 7. Be3 Be7 8. Be2
b5 9. a3 O-O 10. O-O Bb7 11. Qd3 Nbd7 12. Nb3 Ne5 13. Qd4 Qc7 14. Nd2 Nfd7 15.
Nf3 Rac8 16. Nxe5 Nxe5 17. Qb6 Qxb6 18. Bxb6 Nc4 19. Bxc4 Rxc4 20. f3 Rfc8 21.
Ba5 d5 22. exd5 exd5 23. Rab1 d4 24. Ne2 Bc5 25. Kh1 Rxc2 26. Nf4 Bd6 27. Nd3
Bd5 28. Rfc1 Rxc1+ 29. Rxc1 Rxc1+ 30. Nxc1 Bc5 31. Kg1 Kf8 32. Kf2 Bc4 33. b3
Bxa3 34. bxc4 Bxc1 35. cxb5 axb5 36. Ke2 Bb2 37. Bb4+ Ke8 38. Kd3 Bc3 39. Bxc3
dxc3 40. Kxc3 Kd7 0-1

[Event "ODJM A 2017"]
[Site "Willingen GER"]
[Date "2017.06.06"]
[Round "4"]
[White "Svane, Freja"]
[Black "Adelmeyer, Matti"]
[Result "0-1"]
[Termination "normal"]
[Board "73"]
[WhiteElo "1446"]
[BlackElo "1677"]
[PlyCount "44"]
[WhiteFideId "12940100"]
[BlackFideId "12962520"]
[EventCountry "GER"]
[EventRounds "9"]
[EventType "swiss"]
[EventDate "2017.06.03"]

1. d4 d5 2. c4 e6 3. Nc3 Nf6 4. Bg5 Be7 5. cxd5 Nxd5 6. Bxe7 Qxe7 7. Nxd5 exd5
8. Qc2 O-O 9. e3 Nc6 10. a3 Nxd4 11. Qc3 Nf5 12. Nf3 c5 13. Be2 Re8 14. Qd3 d4
15. exd4 Nxd4 16. Nxd4 cxd4 17. Rd1 Bf5 18. Qf3 d3 19. Rd2 Qg5 20. h4 Qh6 21.
Qxf5 Rxe2+ 22. Rxe2 Qc1# 0-1

[Event "ODJM A 2017"]
[Site "Willingen GER"]
[Date "2017.06.06"]
[Round "4"]
[White "Khanbekyan, Areg"]
[Black "Todua, Anastasia"]
[Result "0-1"]
[Termination "normal"]
[Board "74"]
[WhiteElo "1647"]
[BlackElo "1588"]
[PlyCount "120"]
[WhiteFideId "12993727"]
[BlackFideId "24174335"]
[EventCountry "GER"]
[EventRounds "9"]
[EventType "swiss"]
[EventDate "2017.06.03"]

1. e4 c5 2. Nf3 d6 3. d4 cxd4 4. Nxd4 Nf6 5. Nc3 g6 6. Be3 Bg7 7. Bc4 O-O 8. f3
Qb6 9. Bb3 Qa5 10. Qd2 Rd8 11. O-O-O Bd7 12. h4 h5 13. Bg5 Nc6 14. Bxf6 Bxf6
15. Nxc6 bxc6 16. g4 hxg4 17. fxg4 Bxg4 18. Rdg1 Bf3 19. Qh6 d5 20. exd5 cxd5
21. Rh3 Bh5 22. Qxh5 Qc5 23. Rhg3 Bg7 24. Rxg6 fxg6 25. Qxg6 Qd4 26. h5 Rd6 27.
Qg5 Kh8 28. Kb1 a5 29. Rg4 Qe5 30. Qxe5 Bxe5 31. Nxd5 e6 32. Ne3 Bg7 33. c3 Bh6
34. Nc4 Rd3 35. Rg6 Bf4 36. Rxe6 Rh3 37. Ne5 Rh1+ 38. Kc2 Rc1+ 39. Kd3 Kh7 40.
Ke4 Bxe5 41. Kxe5 a4 42. Bd5 Ra5 43. Rd6 Rc2 44. Rb6 Rh2 45. Ke4 Rh4+ 46. Kf3
Rxd5 47. Kg3 Rhxh5 48. Rb7+ Kg6 49. Rb6+ Kf7 50. Ra6 Ra5 51. Rc6 Rhc5 52. Rh6
Rcb5 53. Rh2 Rb6 54. Rf2+ Ke6 55. Re2+ Kd5 56. Rc2 Kc4 57. Rd2 Rd5 58. Rf2 Rg5+
59. Kh4 Rg8 60. Rd2 Rh6# 0-1

[Event "ODJM A 2017"]
[Site "Willingen GER"]
[Date "2017.06.06"]
[Round "4"]
[White "Wieber, Dominik"]
[Black "Jenner, Meikel"]
[Result "1-0"]
[Termination "normal"]
[Board "75"]
[WhiteElo "1818"]
[BlackElo "1464"]
[PlyCount "73"]
[WhiteFideId "24699012"]
[BlackFideId "16245342"]
[EventCountry "GER"]
[EventRounds "9"]
[EventType "swiss"]
[EventDate "2017.06.03"]

1. e4 Nf6 2. e5 Nd5 3. d4 d6 4. exd6 exd6 5. c4 Nb6 6. Bd3 Nc6 7. Be3 g6 8. a3
Bg7 9. Ne2 O-O 10. O-O Ne7 11. Ng3 f5 12. f4 Re8 13. Re1 Be6 14. Nd2 d5 15. c5
Nd7 16. Nf3 Nc6 17. b4 Nf6 18. b5 Nb8 19. Ne5 Nbd7 20. c6 Nxe5 21. cxb7 Nf3+
22. gxf3 Rb8 23. Qc2 Rxb7 24. Rac1 Qb8 25. a4 Bd7 26. Bd2 Rc8 27. Re7 Bf8 28.
Rxd7 Nxd7 29. Qc6 Rd8 30. Qxd5+ Kg7 31. Bc4 Bd6 32. Qf7+ Kh6 33. Nxf5+ gxf5 34.
Qe6+ Kg7 35. Kf2 Nf8 36. Qg8+ Kh6 37. Qg5# 1-0

[Event "ODJM A 2017"]
[Site "Willingen GER"]
[Date "2017.06.06"]
[Round "4"]
[White "Nimptsch, Nikolas"]
[Black "Kolb, Tobias"]
[Result "0-1"]
[Termination "normal"]
[Board "76"]
[WhiteElo "1536"]
[BlackElo "1656"]
[PlyCount "72"]
[WhiteFideId "16245334"]
[BlackFideId "12992321"]
[EventCountry "GER"]
[EventRounds "9"]
[EventType "swiss"]
[EventDate "2017.06.03"]

1. e4 e6 2. Nf3 d5 3. Nc3 d4 4. Ne2 c5 5. c3 dxc3 6. bxc3 Nf6 7. Rb1 Qd3 8.
Qa4+ Nc6 9. Qb3 Qxe4 10. d4 cxd4 11. Nfxd4 Bc5 12. Be3 Bxd4 13. Nxd4 Nxd4 14.
cxd4 O-O 15. f3 Qd5 16. Qb2 b6 17. Rc1 Qd6 18. Bf2 Nd5 19. a3 Bb7 20. Bc4 f5
21. O-O Rf6 22. Bg3 f4 23. Bh4 Rh6 24. Bg5 Rh5 25. g4 Rxg5 26. Bd3 Ne3 27. Rf2
Ra5 28. Ra1 Rd8 29. Rd2 Bxf3 30. h3 Rd5 31. Kf2 Nd1+ 32. Raxd1 Bxd1 33. Rxd1
Rxd4 34. Qb3 Rxd3 35. Rxd3 Qxd3 36. Qxe6+ Kf8 0-1

[Event "ODJM A 2017"]
[Site "Willingen GER"]
[Date "2017.06.06"]
[Round "4"]
[White "Grozea, Filip"]
[Black "Unbehend, Marius"]
[Result "1/2-1/2"]
[Termination "normal"]
[Board "77"]
[WhiteElo "1582"]
[BlackElo "1391"]
[PlyCount "75"]
[WhiteFideId "12958450"]
[BlackFideId "16214420"]
[EventCountry "GER"]
[EventRounds "9"]
[EventType "swiss"]
[EventDate "2017.06.03"]

1. e4 e6 2. c4 d5 3. exd5 exd5 4. cxd5 Nf6 5. Nc3 Nxd5 6. Bc4 Nf6 7. Qb3 Qe7+
8. Nge2 Nc6 9. O-O Qd7 10. Re1 Ne7 11. Bxf7+ Kd8 12. Nf4 Qd6 13. Ne6+ Bxe6 14.
Qxe6 Qxe6 15. Bxe6 Nc6 16. Ne4 Nxe4 17. Rxe4 Be7 18. d3 Rf8 19. Be3 Bf6 20. d4
Nb4 21. a3 Nc2 22. Rc1 Nxe3 23. fxe3 Re8 24. Rc5 c6 25. b4 Be7 26. Rf5 Rf8 27.
Ref4 Rxf5 28. Rxf5 Bf6 29. g4 h6 30. Kg2 Ke7 31. Bb3 Re8 32. Kf3 Rd8 33. h4 g6
34. Rf4 g5 35. hxg5 hxg5 36. Re4+ Kf8 37. Re6 Kg7 38. Kg2 1/2-1/2

[Event "ODJM A 2017"]
[Site "Willingen GER"]
[Date "2017.06.06"]
[Round "4"]
[White "Hungeling, David"]
[Black "Graf, Maria"]
[Result "0-1"]
[Termination "normal"]
[Board "79"]
[WhiteElo "1482"]
[BlackElo "1546"]
[PlyCount "120"]
[WhiteFideId "16222440"]
[BlackFideId "12917702"]
[EventCountry "GER"]
[EventRounds "9"]
[EventType "swiss"]
[EventDate "2017.06.03"]

1. e4 d5 2. exd5 Qxd5 3. Nc3 Qa5 4. d4 c6 5. Nf3 Bf5 6. Bd3 Bg6 7. Bxg6 hxg6 8.
Ne5 Nf6 9. O-O e6 10. a3 Bd6 11. Bf4 Qc7 12. Qf3 a6 13. Rfe1 O-O 14. Qh3 Nh5
15. Bd2 Re8 16. Qh4 c5 17. Nf3 cxd4 18. Nxd4 Qd8 19. Qe4 Qd7 20. Nd5 Nc6 21.
Nb6 Bxh2+ 22. Kh1 Qxd4 23. Qxd4 Nxd4 24. Nxa8 Nxc2 25. Kxh2 Nxa1 26. Rxa1 Rxa8
27. Rc1 Rd8 28. Bb4 Rd7 29. g3 Nf6 30. Kg2 Nd5 31. Be1 Rc7 32. Rxc7 Nxc7 33.
Kf3 f6 34. Ke4 b6 35. f4 Kf7 36. Bb4 Nd5 37. Bd6 Ne7 38. Kf3 Nf5 39. Bb4 Nd4+
40. Kf2 a5 41. Bd2 Nc6 42. Be3 b5 43. Ke2 e5 44. fxe5 Nxe5 45. Bd4 Ke6 46. Bc5
g5 47. b3 g6 48. a4 bxa4 49. bxa4 f5 50. Be3 g4 51. Bb6 Nc4 52. Bc7 Kd5 53. Kd3
Nb2+ 54. Ke3 g5 55. Bxa5 Nc4+ 56. Kd3 Nxa5 57. Ke3 Ke5 58. Kf2 Ke4 59. Kg2 Ke3
60. Kh2 f4 0-1

[Event "ODJM A 2017"]
[Site "Willingen GER"]
[Date "2017.06.06"]
[Round "4"]
[White "Franz, Franz Theodor"]
[Black "Werner, Tom"]
[Result "0-1"]
[Termination "normal"]
[Board "80"]
[WhiteElo "1341"]
[BlackElo "1593"]
[PlyCount "62"]
[WhiteFideId "12992674"]
[BlackFideId "16223756"]
[EventCountry "GER"]
[EventRounds "9"]
[EventType "swiss"]
[EventDate "2017.06.03"]

1. e4 e6 2. d4 d5 3. Nc3 Nf6 4. Bg5 Be7 5. e5 Nfd7 6. Bxe7 Qxe7 7. f4 a6 8. Nf3
c5 9. Qd2 Nc6 10. g4 cxd4 11. Nxd4 Qh4+ 12. Kd1 Qxg4+ 13. Be2 Qh4 14. Nf3 Qe7
15. a3 b5 16. a4 b4 17. Na2 a5 18. Nc1 Ba6 19. Nb3 O-O 20. Bb5 Rfc8 21. Nfd4
Nxd4 22. Nxd4 Bxb5 23. Nxb5 Nb6 24. b3 Qc5 25. Rc1 Nd7 26. Re1 Nf8 27. Nd6 Rc6
28. c4 bxc3 29. Rxc3 Qxc3 30. Qxc3 Rxc3 31. Re2 Rxb3 0-1